<?xml version="1.0" encoding="UTF-8"?><?xml-stylesheet type="text/xsl" href="static/style.xsl"?><OAI-PMH xmlns="http://www.openarchives.org/OAI/2.0/" xmlns:xsi="http://www.w3.org/2001/XMLSchema-instance" xsi:schemaLocation="http://www.openarchives.org/OAI/2.0/ http://www.openarchives.org/OAI/2.0/OAI-PMH.xsd"><responseDate>2026-04-17T14:31:14Z</responseDate><request verb="GetRecord" identifier="oai:www.recercat.cat:2117/445282" metadataPrefix="marc">https://recercat.cat/oai/request</request><GetRecord><record><header><identifier>oai:recercat.cat:2117/445282</identifier><datestamp>2025-11-08T03:25:52Z</datestamp><setSpec>com_2072_1033</setSpec><setSpec>col_2072_452951</setSpec></header><metadata><record xmlns="http://www.loc.gov/MARC21/slim" xmlns:dcterms="http://purl.org/dc/terms/" xmlns:xsi="http://www.w3.org/2001/XMLSchema-instance" xmlns:doc="http://www.lyncode.com/xoai" xsi:schemaLocation="http://www.loc.gov/MARC21/slim http://www.loc.gov/standards/marcxml/schema/MARC21slim.xsd">
   <leader>00925njm 22002777a 4500</leader>
   <datafield ind2=" " ind1=" " tag="042">
      <subfield code="a">dc</subfield>
   </datafield>
   <datafield ind2=" " ind1=" " tag="720">
      <subfield code="a">Bosch Coll, Pau</subfield>
      <subfield code="e">author</subfield>
   </datafield>
   <datafield ind2=" " ind1=" " tag="260">
      <subfield code="c">2025-10-21</subfield>
   </datafield>
   <datafield ind2=" " ind1=" " tag="520">
      <subfield code="a">Accurately linking environmental and lifestyle exposures to molecular alterations could improve lung cancer's stratification and help to better understand what shapes this disease. However, standard tabular models struggle to represent the complex, multi-scale relationships among the different exposures, demographics, and familial risks. This thesis introduces LungCancerGNN, a heterogeneous temporal graph approach that encodes information into different granularity levels and propagates information with message-passing Graph Neural Networks (GNNs). We evaluate graph construction choices, relational operators (GCN, GATv2, Transformer-style), and training/calibration strategies (class reweighting, resampling, focal loss, and per-class threshold search) using stratified 5-fold cross-validation with an inner calibration split. Compared with non-graph baselines strategies (e.g., logistic regression, XGBoost, MLP), the best GNN (single-phase message passing with GATv2 layers and temporal exposure encoding) improved weighted F1 score from 0.51 to 0.56 and accuracy from 37\% to 69\%, in average. In addition, explainability analyses (i.e., attention + Integrated Gradients) has helped to identify the most important features: radon, active and secondhand tobacco exposure, and occupational exposure, where attention and Integrated Gradients show moderate concordance. We also discuss limitations of the work, ethical considerations, and future directions, including explicit Wild-Type modelling, incorporation of objective environmental measurements, and prospective clinical validation.</subfield>
   </datafield>
   <datafield ind1="8" ind2=" " tag="024">
      <subfield code="a">http://hdl.handle.net/2117/445282</subfield>
   </datafield>
   <datafield tag="653" ind2=" " ind1=" ">
      <subfield code="a">Àrees temàtiques de la UPC::Informàtica::Intel·ligència artificial</subfield>
   </datafield>
   <datafield tag="653" ind2=" " ind1=" ">
      <subfield code="a">Neural networks (Computer science)</subfield>
   </datafield>
   <datafield tag="653" ind2=" " ind1=" ">
      <subfield code="a">Lungs--Cancer</subfield>
   </datafield>
   <datafield tag="653" ind2=" " ind1=" ">
      <subfield code="a">Graph neural networks</subfield>
   </datafield>
   <datafield tag="653" ind2=" " ind1=" ">
      <subfield code="a">Càncer de pulmó</subfield>
   </datafield>
   <datafield tag="653" ind2=" " ind1=" ">
      <subfield code="a">Deep learning</subfield>
   </datafield>
   <datafield tag="653" ind2=" " ind1=" ">
      <subfield code="a">Exposoma</subfield>
   </datafield>
   <datafield tag="653" ind2=" " ind1=" ">
      <subfield code="a">Deep Learning</subfield>
   </datafield>
   <datafield tag="653" ind2=" " ind1=" ">
      <subfield code="a">Exposome</subfield>
   </datafield>
   <datafield tag="653" ind2=" " ind1=" ">
      <subfield code="a">Xarxes neuronals (Informàtica)</subfield>
   </datafield>
   <datafield tag="653" ind2=" " ind1=" ">
      <subfield code="a">Pulmons--Càncer</subfield>
   </datafield>
   <datafield ind2="0" ind1="0" tag="245">
      <subfield code="a">Decoding the exposome: understanding its influence on the molecular profile of lung cancer patients</subfield>
   </datafield>
</record></metadata></record></GetRecord></OAI-PMH>